Российский геймдев - Армагеддон - Statistics

General Stats
  • This quiz has been taken 35 times
  • The average score is 2 of 15
Answers on the Grid
Answers color-coded by a green-red scale on the quiz's grid according to % correct below.
Tetris
Outlast
S.T.A.L.K.E.R.: Shadow of Chernobyl
Alien Shooter
Vangers
Far Cry New Dawn
TimeShift
Disco Elysium
Knock-Knock!
Cut the Rope
Graveyard Keeper
Cry of Fear
Hellgate: London
Golden Light
Punch Club
Vampire Survivors
Deus Ex: Mankind Divided
You Are Empty
Shovel Knight
Space Rangers
The Sinking City
Axiom Verge
Ex Machina
Pathfinder: Kingmaker
World of Tanks
Loop Hero
Vampyr
Party Hard
Breathedge
Black Book
 
Answer Stats
Answer % Correct
Tetris
96%
Alien Shooter
19%
Vangers
19%
Space Rangers
15%
Cut the Rope
12%
Loop Hero
12%
Black Book
8%
Ex Machina
8%
Knock-Knock!
8%
Punch Club
8%
TimeShift
8%
Breathedge
4%
Golden Light
4%
Graveyard Keeper
4%
Pathfinder: Kingmaker
4%
No matching quizzes found
Score Distribution
Percent of People with Each Score
Percentile by Number Answered
Your Score History
You have not taken this quiz